[Event "4NCL 2019-20"]
[Site "Daventry"]
[Date "2020.01.12"]
[Round "4"]
[White "Mitchell, Martin"]
[Black "Abbas, Daniel"]
[Result "0-1"]
[WhiteElo "2207"]
[BlackElo "2251"]
[Annotator "ChessBase"]
[PlyCount "40"]
[EventDate "2020.01.11"]
[EventCountry "ENG"]
[SourceTitle "playchess.com"]
[Source "ChessBase"]
[SourceQuality "1"]
[TimeControl "40/6000:3000+30"]

1. d4 {[%emt 0:00:00]} Nf6 {[%emt 0:00:00]} 2. c4 {[%emt 0:00:00]} e6 {[%emt 0:00:00]} 3. Nc3 {[%emt 0:00:00]} Bb4 {[%emt 0:00:00]} 4. e3 {[%emt 0:00:00]} O-O {[%emt 0:00:00]} 5. Nge2 {[%emt 0:01:11]} d5 {[%emt 0:00:15]} 6. Ng3 {[%emt 0:04:43]} c5 {[%emt 0:06:51]} 7. dxc5 {[%emt 0:08:59]} Nc6 {[%emt 0:03:46]} 8. cxd5 {[%emt 0:09:17]} exd5 {[%emt 0:06:48]} 9. Bd3 {[%emt 0:04:22]} Bg4 {[%emt 0:06:16]} 10. f3 {[%emt 0:04:17]} d4 {[%emt 0:14:30]} 11. exd4 {[%emt 0:03:43]} Qxd4 {[%emt 0:00:00]} 12. Qc2 {[%emt 0:14:47]} Rfe8+ {[%emt 0:12:58]} 13. Kf1 {[%emt 0:06:32]} Qe5 {[%emt 0:14:12]} 14. Bd2 {[%emt 0:03:26]} Nd4 {[%emt 0:01:04]} 15. Qc1 {[%emt 0:08:07]} Nxf3 {[%emt 0:01:37]} 16. Bf4 {[%emt 0:01:03]} Qd4 {[%emt 0:00:23]} 17. Be2 {[%emt 0:04:14]} Bxc5 {[%emt 0:00:47]} 18. Nd1 {[%emt 0:00:00]} Nxh2+ {[%emt 0:02:50]} 19. Ke1 {[%emt 0:00:00]} Bb4+ {[%emt 0:00:24]} 20. Nc3 {[%emt 0:00:20]} Nd5 {[%emt 0:03:29]} 0-1

[Event "4NCL 2019-20"]
[Site "Daventry"]
[Date "2020.01.12"]
[Round "4"]
[White "Horton, Jamie A"]
[Black "Carleton, John J"]
[Result "1-0"]
[WhiteElo "2202"]
[BlackElo "2238"]
[Annotator "ChessBase"]
[PlyCount "97"]
[EventDate "2020.01.11"]
[EventCountry "ENG"]
[SourceTitle "playchess.com"]
[Source "ChessBase"]
[SourceQuality "1"]
[TimeControl "40/6000:3000+30"]

1. d4 {[%emt 0:00:11]} d5 {[%emt 0:00:20]} 2. c4 {[%emt 0:00:07]} e6 {[%emt 0:00:09]} 3. Nc3 {[%emt 0:00:05]} Bb4 {[%emt 0:00:11]} 4. Nf3 {[%emt 0:00:08]} Nf6 {[%emt 0:00:10]} 5. Bg5 {[%emt 0:00:18]} h6 {[%emt 0:02:29]} 6. Bxf6 {[%emt 0:01:30]} Qxf6 {[%emt 0:02:39]} 7. e3 {[%emt 0:00:29]} c5 {[%emt 0:04:38]} 8. cxd5 {[%emt 0:01:42]} exd5 {[%emt 0:00:16]} 9. Be2 {[%emt 0:00:25]} cxd4 {[%emt 0:04:23]} 10. Qxd4 {[%emt 0:01:22]} Qxd4 {[%emt 0:00:25]} 11. Nxd4 {[%emt 0:00:02]} Nc6 {[%emt 0:06:13]} 12. Ndb5 {[%emt 0:10:49]} Ba5 {[%emt 0:00:10]} 13. O-O {[%emt 0:04:22]} Be6 {[%emt 0:05:51]} 14. Rfd1 {[%emt 0:29:47]} Rd8 {[%emt 0:07:25]} 15. Bf3 {[%emt 0:02:55]} a6 {[%emt 0:02:31]} 16. Nd4 {[%emt 0:00:07]} Bxc3 {[%emt 0:09:27]} 17. bxc3 {[%emt 0:00:02]} O-O {[%emt 0:01:33]} 18. Rab1 {[%emt 0:16:06]} Nxd4 {[%emt 0:03:35]} 19. cxd4 {[%emt 0:19:10]} b5 {[%emt 0:02:15]} 20. Rbc1 {[%emt 0:00:49]} Rb8 {[%emt 0:05:36]} 21. Rc5 {[%emt 0:03:46]} Rfd8 {[%emt 0:01:29]} 22. g4 {[%emt 0:02:04]} Rd6 {[%emt 0:09:03]} 23. Rdc1 {[%emt 0:01:09]} a5 {[%emt 0:19:11]} 24. Rb1 {[%emt 0:03:08]} Bxg4 {[%emt 0:05:52]} 25. Bxg4 {[%emt 0:04:46]} Rg6 {[%emt 0:00:06]} 26. h3 {[%emt 0:02:01]} h5 {[%emt 0:00:30]} 27. Rbxb5 {[%emt 0:00:08]} Rxb5 {[%emt 0:01:00]} 28. Rxb5 {[%emt 0:00:01]} hxg4 {[%emt 0:00:07]} 29. hxg4 {[%emt 0:00:17]} Rxg4+ {[%emt 0:00:24]} 30. Kf1 {[%emt 0:00:06]} Rg6 {[%emt 0:02:07]} 31. Rxd5 {[%emt 0:01:18]} Ra6 {[%emt 0:00:51]} 32. a4 {[%emt 0:00:14]} g6 {[%emt 0:05:42]} 33. Rd7 {[%emt 0:00:39]} Kg7 {[%emt 0:00:27]} 34. Ke2 {[%emt 0:00:11]} Kf6 {[%emt 0:00:09]} 35. Kd3 {[%emt 0:00:18]} Ke6 {[%emt 0:00:19]} 36. Rb7 {[%emt 0:00:05]} f5 {[%emt 0:01:42]} 37. f3 {[%emt 0:02:30]} Rc6 {[%emt 0:05:44]} 38. Ra7 {[%emt 0:01:42]} Rc1 {[%emt 0:00:12]} 39. Ra6+ {[%emt 0:00:08]} Kf7 {[%emt 0:00:28]} 40. Ra7+ {[%emt 0:01:36]} Ke6 {[%emt 0:01:58]} 41. Rxa5 {[%emt 0:22:12]} Rd1+ {[%emt 0:08:53]} 42. Kc4 {[%emt 0:02:57]} Rc1+ {[%emt 0:03:42]} 43. Kb4 {[%emt 0:01:57]} Rb1+ {[%emt 0:01:11]} 44. Kc3 {[%emt 0:09:12]} Rc1+ {[%emt 0:14:44]} 45. Kb2 {[%emt 0:00:23]} Rg1 {[%emt 0:04:17]} 46. f4 {[%emt 0:02:49]} g5 {[%emt 0:03:44]} 47. Re5+ {[%emt 0:01:45]} Kf6 {[%emt 0:00:07]} 48. fxg5+ {[%emt 0:00:14]} Rxg5 {[%emt 0:00:38]} 49. a5 {[%emt 0:00:11]} 1-0

[Event "4NCL 2019-20"]
[Site "Daventry"]
[Date "2020.01.12"]
[Round "4"]
[White "Moss, Guy"]
[Black "Parligras, Mircea-Emilian"]
[Result "0-1"]
[WhiteElo "2187"]
[BlackElo "2600"]
[Annotator "ChessBase"]
[PlyCount "92"]
[EventDate "2020.01.11"]
[EventCountry "ENG"]
[SourceTitle "playchess.com"]
[Source "ChessBase"]
[SourceQuality "1"]
[TimeControl "40/6000:3000+30"]

1. e4 {[%emt 0:00:00]} c5 {[%emt 0:00:00]} 2. Nf3 {[%emt 0:00:00]} d6 {[%emt 0:00:00]} 3. d4 {[%emt 0:00:00]} cxd4 {[%emt 0:00:00]} 4. Nxd4 {[%emt 0:00:00]} Nf6 {[%emt 0:00:00]} 5. Nc3 {[%emt 0:00:00]} a6 {[%emt 0:00:00]} 6. Be3 {[%emt 0:00:00]} e6 {[%emt 0:00:00]} 7. f3 {[%emt 0:00:00]} b5 {[%emt 0:00:00]} 8. g4 {[%emt 0:03:38]} Bb7 {[%emt 0:00:00]} 9. a3 {[%emt 0:02:11]} Nfd7 {[%emt 0:04:36]} 10. f4 {[%emt 0:05:39]} Be7 {[%emt 0:05:30]} 11. g5 {[%emt 0:02:30]} Nc6 {[%emt 0:04:16]} 12. Nxc6 {[%emt 0:11:45]} Bxc6 {[%emt 0:00:00]} 13. Qd2 {[%emt 0:02:32]} Rb8 {[%emt 0:07:28]} 14. Bg2 {[%emt 0:09:33]} O-O {[%emt 0:03:30]} 15. O-O {[%emt 0:04:51]} Nc5 {[%emt 0:04:27]} 16. f5 {[%emt 0:05:22]} Re8 {[%emt 0:00:01]} 17. f6 {[%emt 0:05:30]} Bf8 {[%emt 0:04:07]} 18. Qf2 {[%emt 0:01:43]} Qc7 {[%emt 0:01:43]} 19. Qh4 {[%emt 0:03:31]} b4 {[%emt 0:11:49]} 20. axb4 {[%emt 0:13:52]} Rxb4 {[%emt 0:00:00]} 21. Rf3 {[%emt 0:00:32]} g6 {[%emt 0:04:42]} 22. Rh3 {[%emt 0:00:00]} h6 {[%emt 0:00:00]} 23. gxh6 {[%emt 0:00:00]} Kh7 {[%emt 0:00:00]} 24. b3 {[%emt 0:06:33]} d5 {[%emt 0:07:35]} 25. Qf2 {[%emt 0:01:18]} Nxe4 {[%emt 0:05:25]} 26. Nxe4 {[%emt 0:01:00]} dxe4 {[%emt 0:00:00]} 27. Rxa6 {[%emt 0:02:04]} Rd8 {[%emt 0:03:07]} 28. Ra1 {[%emt 0:04:17]} Rb5 {[%emt 0:00:42]} 29. Rh4 {[%emt 0:01:01]} Rf5 {[%emt 0:03:18]} 30. Qe2 {[%emt 0:00:00]} Qe5 {[%emt 0:00:48]} 31. Rf1 {[%emt 0:03:03]} Qxf6 {[%emt 0:02:37]} 32. Rhf4 {[%emt 0:00:53]} Bxh6 {[%emt 0:04:37]} 33. Rxf5 {[%emt 0:00:00]} exf5 {[%emt 0:00:07]} 34. Bxh6 {[%emt 0:00:31]} Kxh6 {[%emt 0:00:00]} 35. Qe3+ {[%emt 0:00:59]} Qg5 {[%emt 0:01:39]} 36. Rf4 {[%emt 0:00:16]} Rd1+ {[%emt 0:01:00]} 37. Kf2 {[%emt 0:00:00]} Kg7 {[%emt 0:00:36]} 38. h4 {[%emt 0:00:00]} Qf6 {[%emt 0:00:11]} 39. Bf1 {[%emt 0:00:40]} Qb2 {[%emt 0:00:43]} 40. Kg3 {[%emt 0:01:10]} Qxc2 {[%emt 0:01:39]} 41. h5 {[%emt 0:06:24]} Qd2 {[%emt 0:02:18]} 42. Qc5 {[%emt 0:04:05]} Qd6 {[%emt 0:02:12]} 43. Qc3+ {[%emt 0:02:05]} Qd4 {[%emt 0:00:49]} 44. Qxd4+ {[%emt 0:04:26]} Rxd4 {[%emt 0:00:05]} 45. hxg6 {[%emt 0:00:27]} fxg6 {[%emt 0:00:08]} 46. Rf2 {[%emt 0:01:08]} Bd5 {[%emt 0:02:01]} 0-1

[Event "4NCL 2019-20"]
[Site "Daventry"]
[Date "2020.01.12"]
[Round "4"]
[White "Ivell, Nicholas W"]
[Black "Clarke, Stuart W"]
[Result "1/2-1/2"]
[WhiteElo "2177"]
[BlackElo "2195"]
[Annotator "ChessBase"]
[PlyCount "56"]
[EventDate "2020.01.11"]
[EventCountry "ENG"]
[SourceTitle "playchess.com"]
[Source "ChessBase"]
[SourceQuality "1"]
[TimeControl "40/6000:3000+30"]

1. e4 {[%emt 1:32:37]} e6 {[%emt 0:00:08]} 2. d4 {[%emt 0:00:17]} d5 {[%emt 0:00:05]} 3. exd5 {[%emt 0:00:52]} exd5 {[%emt 0:00:00]} 4. Nf3 {[%emt 0:00:00]} Bd6 {[%emt 0:10:19]} 5. c4 {[%emt 0:04:05]} Nf6 {[%emt 0:00:05]} 6. Nc3 {[%emt 0:01:26]} O-O {[%emt 0:00:27]} 7. c5 {[%emt 0:10:05]} Be7 {[%emt 0:00:45]} 8. b4 {[%emt 0:10:09]} b6 {[%emt 0:04:57]} 9. a3 {[%emt 0:03:14]} a5 {[%emt 0:01:31]} 10. Bb2 {[%emt 0:03:11]} Bg4 {[%emt 0:11:09]} 11. Be2 {[%emt 0:03:27]} axb4 {[%emt 0:03:38]} 12. axb4 {[%emt 0:03:03]} Rxa1 {[%emt 0:02:12]} 13. Bxa1 {[%emt 0:00:45]} Nc6 {[%emt 0:11:43]} 14. b5 {[%emt 0:02:30]} Nb4 {[%emt 0:00:21]} 15. c6 {[%emt 0:01:22]} Bf5 {[%emt 0:15:11]} 16. O-O {[%emt 0:01:48]} Bd6 {[%emt 0:03:04]} 17. Ne5 {[%emt 0:06:17]} Qe7 {[%emt 0:02:04]} 18. Bf3 {[%emt 0:18:55]} Ra8 {[%emt 0:03:56]} 19. Bb2 {[%emt 0:02:04]} Bxe5 {[%emt 0:05:26]} 20. dxe5 {[%emt 0:00:09]} Qxe5 {[%emt 0:00:18]} 21. Nxd5 {[%emt 0:06:21]} Qxb2 {[%emt 0:02:09]} 22. Ne7+ {[%emt 0:00:13]} Kf8 {[%emt 0:07:02]} 23. Nxf5 {[%emt 0:00:32]} g6 {[%emt 0:01:56]} 24. Ng3 {[%emt 0:04:36]} Kg7 {[%emt 0:07:38]} 25. h3 {[%emt 0:02:28]} Ra2 {[%emt 0:02:56]} 26. Ne4 {[%emt 0:09:01]} Nbd5 {[%emt 0:01:23]} 27. Nxf6 {[%emt 0:02:07]} Nxf6 {[%emt 0:00:13]} 28. Qd3 {[%emt 0:02:14]} h5 {[%emt 0:00:55]} 1/2-1/2

[Event "4NCL 2019-20"]
[Site "Daventry"]
[Date "2020.01.12"]
[Round "4"]
[White "Sygnowski, Tomasz"]
[Black "Grieve, Harry"]
[Result "0-1"]
[WhiteElo "2173"]
[BlackElo "2299"]
[Annotator "ChessBase"]
[PlyCount "56"]
[EventDate "2020.01.11"]
[EventCountry "ENG"]
[SourceTitle "playchess.com"]
[Source "ChessBase"]
[SourceQuality "1"]
[TimeControl "40/6000:3000+30"]

1. e4 {[%emt 1:33:08]} c5 {[%emt 0:00:13]} 2. Nf3 {[%emt 0:00:06]} e6 {[%emt 0:00:06]} 3. d4 {[%emt 0:01:40]} cxd4 {[%emt 0:00:06]} 4. Nxd4 {[%emt 0:00:12]} Nc6 {[%emt 0:00:06]} 5. Nc3 {[%emt 0:00:44]} Qc7 {[%emt 0:00:07]} 6. g3 {[%emt 0:00:19]} a6 {[%emt 0:00:05]} 7. Bg2 {[%emt 0:00:10]} Nf6 {[%emt 0:00:06]} 8. O-O {[%emt 0:00:22]} Nxd4 {[%emt 0:00:05]} 9. Qxd4 {[%emt 0:00:05]} Bc5 {[%emt 0:00:06]} 10. Qd3 {[%emt 0:01:06]} Ng4 {[%emt 0:00:06]} 11. Qe2 {[%emt 0:02:50]} h5 {[%emt 0:00:08]} 12. Kh1 {[%emt 0:07:07]} b5 {[%emt 0:00:45]} 13. h3 {[%emt 0:04:43]} Bb7 {[%emt 0:00:06]} 14. Bg5 {[%emt 0:12:06]} Nxf2+ {[%emt 0:07:22]} 15. Rxf2 {[%emt 0:10:15]} Qxg3 {[%emt 0:00:16]} 16. Rf5 {[%emt 0:00:36]} Bd6 {[%emt 0:03:59]} 17. Bf3 {[%emt 0:25:47]} exf5 {[%emt 0:00:04]} 18. Qg2 {[%emt 0:23:40]} Qxg2+ {[%emt 0:05:25]} 19. Kxg2 {[%emt 0:00:06]} b4 {[%emt 0:00:27]} 20. Nd5 {[%emt 0:02:02]} Bxd5 {[%emt 0:00:06]} 21. exd5 {[%emt 0:00:05]} f6 {[%emt 0:00:28]} 22. Bd2 {[%emt 0:01:26]} g5 {[%emt 0:01:37]} 23. Be2 {[%emt 0:00:17]} Kf7 {[%emt 0:01:18]} 24. Bd3 {[%emt 0:00:06]} f4 {[%emt 0:00:13]} 25. Bf5 {[%emt 0:00:05]} Rac8 {[%emt 0:02:14]} 26. Kf3 {[%emt 0:01:42]} a5 {[%emt 0:06:52]} 27. c3 {[%emt 0:00:50]} Rc5 {[%emt 0:01:47]} 28. Bc2 {[%emt 0:00:50]} Be5 {[%emt 0:01:01]} 0-1

[Event "4NCL 2019-20"]
[Site "Daventry"]
[Date "2020.01.12"]
[Round "4"]
[White "French, Max"]
[Black "Lupulescu, Constantin"]
[Result "0-1"]
[WhiteElo "2168"]
[BlackElo "2649"]
[Annotator "ChessBase"]
[PlyCount "136"]
[EventDate "2020.01.11"]
[EventCountry "ENG"]
[SourceTitle "playchess.com"]
[Source "ChessBase"]
[SourceQuality "1"]
[TimeControl "40/6000:3000+30"]

1. d4 {[%emt 0:00:00]} Nf6 {[%emt 0:00:00]} 2. c4 {[%emt 0:00:00]} e6 {[%emt 0:00:00]} 3. Nc3 {[%emt 0:00:00]} Bb4 {[%emt 0:00:00]} 4. e3 {[%emt 0:00:00]} O-O {[%emt 0:00:00]} 5. Bd3 {[%emt 0:00:00]} d5 {[%emt 0:00:00]} 6. Nf3 {[%emt 0:00:00]} c5 {[%emt 0:00:00]} 7. O-O {[%emt 0:00:00]} cxd4 {[%emt 0:00:00]} 8. exd4 {[%emt 0:00:00]} dxc4 {[%emt 0:00:00]} 9. Bxc4 {[%emt 0:00:00]} b6 {[%emt 0:00:00]} 10. Bg5 {[%emt 0:00:00]} Bb7 {[%emt 0:00:00]} 11. Qe2 {[%emt 0:02:03]} Nbd7 {[%emt 0:00:00]} 12. Rac1 {[%emt 0:01:00]} h6 {[%emt 0:07:45]} 13. Bh4 {[%emt 0:00:55]} Rc8 {[%emt 0:00:00]} 14. Bd3 {[%emt 0:01:56]} Be7 {[%emt 0:00:53]} 15. Rfd1 {[%emt 0:01:26]} Nh5 {[%emt 0:07:03]} 16. Bxe7 {[%emt 0:03:51]} Qxe7 {[%emt 0:00:00]} 17. Be4 {[%emt 0:02:14]} Ndf6 {[%emt 0:05:41]} 18. Bxb7 {[%emt 0:01:55]} Qxb7 {[%emt 0:00:00]} 19. Qe5 {[%emt 0:07:24]} Rfd8 {[%emt 0:13:28]} 20. Ne1 {[%emt 0:12:09]} g6 {[%emt 0:02:09]} 21. h3 {[%emt 0:02:39]} Nd5 {[%emt 0:01:07]} 22. Nxd5 {[%emt 0:02:13]} Rxd5 {[%emt 0:00:36]} 23. Qe3 {[%emt 0:01:10]} Rxc1 {[%emt 0:04:03]} 24. Rxc1 {[%emt 0:00:00]} Kg7 {[%emt 0:00:01]} 25. Nf3 {[%emt 0:00:00]} Rf5 {[%emt 0:02:24]} 26. Nh4 {[%emt 0:08:47]} Ra5 {[%emt 0:04:15]} 27. a3 {[%emt 0:04:32]} Nf6 {[%emt 0:02:01]} 28. Nf3 {[%emt 0:01:24]} Rf5 {[%emt 0:00:16]} 29. Nh4 {[%emt 0:02:57]} Rh5 {[%emt 0:02:53]} 30. Nf3 {[%emt 0:00:35]} Nd5 {[%emt 0:00:13]} 31. Qe4 {[%emt 0:00:51]} Rf5 {[%emt 0:00:24]} 32. g3 {[%emt 0:00:11]} Qa6 {[%emt 0:06:18]} 33. Ne5 {[%emt 0:02:26]} h5 {[%emt 0:06:11]} 34. Nc4 {[%emt 0:02:04]} Qc8 {[%emt 0:07:40]} 35. Rc2 {[%emt 0:00:28]} Qd7 {[%emt 0:03:00]} 36. Ne5 {[%emt 0:00:45]} Qa4 {[%emt 0:00:19]} 37. h4 {[%emt 0:03:42]} Qb3 {[%emt 0:02:17]} 38. Qd3 {[%emt 0:01:27]} Qxd3 {[%emt 0:00:50]} 39. Nxd3 {[%emt 0:00:00]} g5 {[%emt 0:00:00]} 40. hxg5 {[%emt 0:00:09]} Rxg5 {[%emt 0:00:00]} 41. Ne5 {[%emt 0:51:35]} h4 {[%emt 0:56:52]} 42. Nf3 {[%emt 0:03:36]} Rg4 {[%emt 0:00:07]} 43. Nxh4 {[%emt 0:02:20]} Rxd4 {[%emt 0:00:03]} 44. Kf1 {[%emt 0:03:20]} Rd1+ {[%emt 0:00:40]} 45. Ke2 {[%emt 0:00:48]} Rh1 {[%emt 0:00:32]} 46. Ng2 {[%emt 0:02:32]} Kf6 {[%emt 0:03:00]} 47. Ne3 {[%emt 0:01:06]} Nxe3 {[%emt 0:01:10]} 48. Kxe3 {[%emt 0:00:06]} Re1+ {[%emt 0:00:12]} 49. Kd2 {[%emt 0:02:19]} Rb1 {[%emt 0:00:49]} 50. Ke3 {[%emt 0:01:01]} Ke5 {[%emt 0:02:17]} 51. f3 {[%emt 0:05:16]} f5 {[%emt 0:01:11]} 52. Rd2 {[%emt 0:01:28]} a5 {[%emt 0:05:08]} 53. Rc2 {[%emt 0:01:58]} Re1+ {[%emt 0:00:53]} 54. Kf2 {[%emt 0:00:17]} Rb1 {[%emt 0:00:00]} 55. Ke3 {[%emt 0:00:00]} Kf6 {[%emt 0:00:00]} 56. f4 {[%emt 0:00:00]} Rg1 {[%emt 0:00:00]} 57. Kf3 {[%emt 0:00:00]} Rd1 {[%emt 0:00:00]} 58. Ke2 {[%emt 0:00:00]} Rd5 {[%emt 0:00:00]} 59. b3 {[%emt 0:00:00]} Rb5 {[%emt 0:00:00]} 60. Rc3 {[%emt 0:00:00]} e5 {[%emt 0:00:00]} 61. fxe5+ {[%emt 0:00:00]} Rxe5+ {[%emt 0:00:00]} 62. Kf3 {[%emt 0:00:00]} Kg5 {[%emt 0:00:00]} 63. Rd3 {[%emt 0:00:00]} Rc5 {[%emt 0:00:00]} 64. Re3 {[%emt 0:00:00]} b5 {[%emt 0:00:00]} 65. Re8 {[%emt 0:00:00]} Rc3+ {[%emt 0:00:00]} 66. Re3 {[%emt 0:00:00]} b4 {[%emt 0:00:00]} 67. a4 {[%emt 0:00:00]} Rxe3+ {[%emt 0:00:00]} 68. Kxe3 {[%emt 0:00:00]} Kg4 {[%emt 0:00:00]} 0-1

[Event "4NCL 2019-20"]
[Site "Daventry"]
[Date "2020.01.12"]
[Round "4"]
[White "Maciol, Ryszard"]
[Black "Lee, Richard W Y"]
[Result "1/2-1/2"]
[WhiteElo "2158"]
[BlackElo "2130"]
[Annotator "ChessBase"]
[PlyCount "90"]
[EventDate "2020.01.11"]
[EventCountry "ENG"]
[SourceTitle "playchess.com"]
[Source "ChessBase"]
[SourceQuality "1"]
[TimeControl "40/6000:3000+30"]

1. d4 {[%emt 0:00:00]} d5 {[%emt 0:00:00]} 2. c4 {[%emt 0:00:00]} e6 {[%emt 0:00:00]} 3. Nc3 {[%emt 0:00:00]} Nf6 {[%emt 0:00:00]} 4. Bg5 {[%emt 0:00:00]} Be7 {[%emt 0:00:00]} 5. cxd5 {[%emt 0:00:00]} Nxd5 {[%emt 0:00:00]} 6. Bxe7 {[%emt 0:00:00]} Qxe7 {[%emt 0:00:00]} 7. Rc1 {[%emt 0:00:07]} O-O {[%emt 0:03:38]} 8. Nf3 {[%emt 0:00:33]} b6 {[%emt 0:07:58]} 9. e4 {[%emt 0:12:05]} Nxc3 {[%emt 0:00:45]} 10. Rxc3 {[%emt 0:07:23]} Bb7 {[%emt 0:02:21]} 11. Qc2 {[%emt 0:05:16]} Rc8 {[%emt 0:12:57]} 12. Bd3 {[%emt 0:09:13]} Na6 {[%emt 0:10:42]} 13. Qe2 {[%emt 0:12:57]} Nb4 {[%emt 0:04:33]} 14. Bc4 {[%emt 0:07:19]} b5 {[%emt 0:13:48]} 15. Bb3 {[%emt 0:06:09]} c5 16. dxc5 {[%emt 0:01:16]} Rxc5 {[%emt 0:08:29]} 17. O-O {[%emt 0:01:06]} Rac8 {[%emt 0:04:28]} 18. Rfc1 {[%emt 0:06:29]} a5 {[%emt 0:04:31]} 19. a3 {[%emt 0:06:02]} Rxc3 {[%emt 0:01:11]} 20. bxc3 {[%emt 0:04:25]} Nc6 {[%emt 0:02:28]} 21. Qxb5 {[%emt 0:00:00]} Qxa3 {[%emt 0:00:08]} 22. Rd1 {[%emt 0:04:14]} Qe7 {[%emt 0:02:57]} 23. h3 {[%emt 0:00:42]} Qc7 {[%emt 0:01:56]} 24. Ba4 {[%emt 0:03:42]} h6 {[%emt 0:01:30]} 25. Qb1 {[%emt 0:05:14]} Ba6 {[%emt 0:03:29]} 26. Rd2 {[%emt 0:00:02]} Rb8 {[%emt 0:03:16]} 27. Qd1 {[%emt 0:00:00]} Ne5 28. Nxe5 {[%emt 0:03:51]} Qxe5 {[%emt 0:00:51]} 29. Rd4 {[%emt 0:00:28]} Rc8 {[%emt 0:01:55]} 30. Qf3 {[%emt 0:00:00]} Qf6 {[%emt 0:03:47]} 31. Qe3 {[%emt 0:00:00]} Qe5 {[%emt 0:00:18]} 32. Qf3 {[%emt 0:00:00]} Qf6 {[%emt 0:00:26]} 33. Qg3 {[%emt 0:00:01]} Rc4 {[%emt 0:00:32]} 34. Qb8+ {[%emt 0:00:13]} Kh7 {[%emt 0:00:00]} 35. e5 {[%emt 0:00:00]} Qg5 {[%emt 0:00:15]} 36. Bc2+ {[%emt 0:00:00]} g6 {[%emt 0:00:08]} 37. f4 {[%emt 0:00:03]} Qe7 {[%emt 0:00:01]} 38. Rd8 {[%emt 0:00:04]} Qc5+ {[%emt 0:00:00]} 39. Kh2 {[%emt 0:00:00]} Bc8 {[%emt 0:00:00]} 40. Bd3 {[%emt 0:00:27]} Rxc3 {[%emt 0:00:00]} 41. Ba6 {[%emt 0:03:38]} Qf2 {[%emt 0:26:53]} 42. Rxc8 {[%emt 0:01:33]} Qxf4+ {[%emt 0:00:14]} 43. Kh1 {[%emt 0:02:51]} Qc1+ {[%emt 0:01:27]} 44. Kh2 {[%emt 0:00:10]} Qf4+ {[%emt 0:00:05]} 45. Kh1 {[%emt 0:00:04]} Qc1+ 1/2-1/2

[Event "4NCL 2019-20"]
[Site "Daventry"]
[Date "2020.01.12"]
[Round "4"]
[White "Robertson, J Stuart"]
[Black "Zulfic, Fedja"]
[Result "1-0"]
[WhiteElo "2157"]
[BlackElo "2156"]
[Annotator "ChessBase"]
[PlyCount "63"]
[EventDate "2020.01.11"]
[EventCountry "ENG"]
[SourceTitle "playchess.com"]
[Source "ChessBase"]
[SourceQuality "1"]
[TimeControl "40/6000:3000+30"]

1. d4 {[%emt 0:00:00]} Nf6 {[%emt 0:00:00]} 2. c4 {[%emt 0:00:00]} g6 {[%emt 0:00:00]} 3. f3 {[%emt 0:00:00]} c5 {[%emt 0:01:27]} 4. d5 {[%emt 0:00:00]} d6 {[%emt 0:01:12]} 5. e4 {[%emt 0:00:00]} Bg7 {[%emt 0:00:00]} 6. Ne2 {[%emt 0:00:00]} Nbd7 {[%emt 0:01:37]} 7. Nec3 {[%emt 0:00:00]} O-O {[%emt 0:03:01]} 8. Be2 {[%emt 0:00:00]} a6 {[%emt 0:02:30]} 9. a4 {[%emt 0:02:00]} b6 {[%emt 0:00:51]} 10. Be3 {[%emt 0:03:36]} Bb7 {[%emt 0:01:11]} 11. O-O {[%emt 0:02:09]} Qc7 {[%emt 0:02:17]} 12. Qd2 {[%emt 0:01:41]} e6 {[%emt 0:10:27]} 13. Na3 {[%emt 0:03:46]} Rae8 {[%emt 0:20:32]} 14. Rad1 {[%emt 0:09:46]} e5 {[%emt 0:04:42]} 15. g4 {[%emt 0:05:30]} h5 {[%emt 0:04:44]} 16. h3 {[%emt 0:04:02]} Bc8 {[%emt 0:04:16]} 17. Bd3 {[%emt 0:05:06]} Kh7 {[%emt 0:01:30]} 18. Nc2 {[%emt 0:06:53]} Rh8 {[%emt 0:00:45]} 19. Ne1 {[%emt 0:02:38]} Kg8 {[%emt 0:03:23]} 20. Ng2 {[%emt 0:00:07]} Nf8 {[%emt 0:01:10]} 21. Ne2 {[%emt 0:05:28]} Bd7 {[%emt 0:03:48]} 22. b4 {[%emt 0:08:32]} Bxa4 {[%emt 0:03:22]} 23. Ra1 {[%emt 0:01:01]} b5 {[%emt 0:00:12]} 24. bxc5 {[%emt 0:01:04]} dxc5 {[%emt 0:00:00]} 25. Nc3 {[%emt 0:03:14]} Bb3 {[%emt 0:06:19]} 26. cxb5 {[%emt 0:04:11]} c4 {[%emt 0:00:00]} 27. b6 {[%emt 0:08:13]} Qb7 {[%emt 0:01:26]} 28. Bc2 {[%emt 0:00:25]} Rb8 {[%emt 0:02:37]} 29. Rfb1 {[%emt 0:02:17]} hxg4 {[%emt 0:02:03]} 30. hxg4 {[%emt 0:00:00]} N8d7 {[%emt 0:00:00]} 31. Bxb3 {[%emt 0:00:06]} cxb3 {[%emt 0:00:00]} 32. Rxb3 {[%emt 0:00:00]} 1-0